000
00332nam a2200133Ia 4500
008
230818s2007 xx 000 0 und d
041
_a
eng
100
_a
Rutther ford
245
_a
Hotel Management and Operations
260
_b
John Willey & Sons
_c
2007
300
_a
478p
520
_a
Reference Copy
999
_c
852659
_d
852659
650
_a
Food Production